01065cam a22002771i 45000010008000000030009000080050017000170080041000340400038000750820027001131000047001402450030001872640049002172640010002663000078002763360026003543370028003803380027004085040052004356000049004876500064005366550017006009420012006179990017006299520141006464071913EG-ScBUE20230806105303.0901012t1969 nyuac f b 001 0 eng d aDLCbengerdacDLCdDLCdEG-ScBUE04a914.032530924222bMAS1 aMasters, John,d1914-1983,eauthor.91021110aCasanova /cJohn Masters. 1aNew York :bBernard Geis Associates,c[1969] 4cc1969 a302 pages :billustrations (some color), portraits (some color) ;c26 cm 2rdacontentatextbtxt 2rdamediaaunmediatedbn 2rdacarrieravolumebnc aIncludes bibliographical references and index. 17aCasanova, Giacomo,d1725-1798.2BUEsh910212 7aAdventure and adventurerszEuropexBiography.2BUEsh910213 vReading book 2ddccBB c13098d13098 00102ddc40708Donation-GaMAINbMAINc2NDd2010-01-05eDonationl0o914.032530924 MASp000019330r2025-07-15 00:00:00w2010-01-05yBB